Пути в незнаемое. Писатели рассказывают о науке: избранные очерки; Ночь на горе; Красная трепанга; Годы сбывшихся надежд (К 50-летию рождения квантовой механики); Взбирается разум; Последний энциклопедист; Лучший путь к человеку; Космики; Архитектор в мире, где яблоки не падают; Черный хлеб науки; Эти три мушкетера...; Сольфасоль; Поездка в Итарию; Изгнание из рая; Повесть об одном ученом и одном императоре; "Родился я в городе Рязани..." Первые двадцать лет Ивана Петровича; Одиночество в толпе портретов; О Ландау (Размышляя о будущей книге); Изгнание Мефистофеля; После 14 декабря; Слово; Омут

Bibliographische Detailangaben
Weitere Verfasser: Володин Б. Г. (составитель)
Sprache:Russisch
Veröffentlicht: Москва, Советский писатель, 1987
TOC:Ночь на горе;
Красная трепанга;
Годы сбывшихся надежд (К 50-летию рождения квантовой механики);
Взбирается разум;
Последний энциклопедист;
Лучший путь к человеку;
Космики;
Архитектор в мире, где яблоки не падают;
Черный хлеб науки;
Эти три мушкетера...;
Сольфасоль;
Поездка в Итарию;
Изгнание из рая;
Повесть об одном ученом и одном императоре;
"Родился я в городе Рязани..." Первые двадцать лет Ивана Петровича;
Одиночество в толпе портретов;
О Ландау (Размышляя о будущей книге);
Изгнание Мефистофеля;
После 14 декабря;
Слово;
Омут;
Schlagworte:
Format: Buch
KOHA link:https://koha.lib.tpu.ru/cgi-bin/koha/opac-detail.pl?biblionumber=370507

MARC

LEADER 00000nam0a2200000 4500
001 370507
005 20231102012304.0
035 |a (RuTPU)RU\TPU\retro\27916 
035 |a RU\TPU\retro\27902 
090 |a 370507 
100 |a 20220706d1987 m y0rusy50 ca 
101 0 |a rus 
102 |a RU 
105 |a a z 000zy 
200 1 |a Пути в незнаемое. Писатели рассказывают о науке  |f сост. Б. Г. Володин  |e избранные очерки 
210 |a Москва  |c Советский писатель  |d 1987 
215 |a 813 с.  |c ил. 
464 |t Ночь на горе 
464 |t Красная трепанга 
464 |t Годы сбывшихся надежд (К 50-летию рождения квантовой механики) 
464 |t Взбирается разум 
464 |t Последний энциклопедист 
464 |t Лучший путь к человеку 
464 |t Космики 
464 |t Архитектор в мире, где яблоки не падают 
464 |t Черный хлеб науки 
464 |t Эти три мушкетера... 
464 |t Сольфасоль 
464 |t Поездка в Итарию 
464 |t Изгнание из рая 
464 |t Повесть об одном ученом и одном императоре 
464 |t "Родился я в городе Рязани..." Первые двадцать лет Ивана Петровича 
464 |t Одиночество в толпе портретов 
464 |t О Ландау (Размышляя о будущей книге) 
464 |t Изгнание Мефистофеля 
464 |t После 14 декабря 
464 |t Слово 
464 |t Омут  |a Давыдов, Юрий 
600 1 |a Рубакин  |b Н. А.  |c книгоиздатель, библиограф  |c библиопсихолог, писатель  |f 1863-1946  |g Николай Александрович  |2 stltpush  |3 (RuTPU)RU\TPU\pers\11754  |9 2901 
600 1 |a Араго  |b Д. Ф.  |c французский ученый и политический деятель  |f 1786-1853  |g Доминик (Доменик) Франсуа  |c физик и астроном  |2 stltpush  |3 (RuTPU)RU\TPU\pers\13407 
600 1 |a Павлов  |g Иван Петрович  |f 1849-1936  |b И. П.  |c российский физиолог  |c академик Петербургской АН  |2 stltpush  |3 (RuTPU)RU\TPU\pers\1293 
600 1 |a Ландау  |b Л. Д.  |c российский физик-теоретик  |c академик АН СССР  |f 1908-1968  |g Лев Давидович  |2 stltpush  |3 (RuTPU)RU\TPU\pers\216  |9 111 
600 1 |a Дубельт  |b Л. В.  |c российский государственный деятель  |c начальник штаба Отдельного корпуса жандармов  |f 1792-1862  |g Леонтий Васильевич  |2 stltpush  |3 (RuTPU)RU\TPU\pers\11807  |9 2954 
600 1 |a Лопатин  |b Г. А.  |c российский революционер-народник  |f 1845-1918  |g Герман Александрович  |2 stltpush  |3 (RuTPU)RU\TPU\pers\12713 
606 1 |a Русская литература современная  |2 stltpush  |3 (RuTPU)RU\TPU\subj\26373  |9 50316 
606 1 |a Наука  |x История  |y Россия  |y СССР  |2 stltpush  |3 (RuTPU)RU\TPU\subj\45077  |9 64339 
610 1 |a научно-популярная литература 
610 1 |a очерки 
610 1 |a научные исследования 
610 1 |a биофизика 
610 1 |a квантовая механика 
610 1 |a инклюзивное образование 
610 1 |a освоение космоса 
610 1 |a береговые волны 
610 1 |a физики 
610 1 |a письма 
610 1 |a переписка 
675 |a Р2  |v 3 
686 |a Ч213(2)  |2 rubbk 
702 1 |a Володин  |b Б. Г.  |4 220 
801 1 |a RU  |b 63413507  |c 20220622 
801 2 |a RU  |b 63413507  |c 20220706  |g RCR 
942 |c BK